Reading + Leeds Headliners - Statistics

General Stats
  • This quiz has been taken 807 times
  • The average score is 12 of 33
Answer Stats
Hint Answer % Correct
2009 Arctic Monkeys
66%
2000 Oasis
66%
2002 Foo Fighters
56%
2005 Foo Fighters
56%
2003 Blur
55%
2011 Pulp/The Strokes
55%
2006 Muse
54%
2011 Muse
54%
2003 Metallica
51%
2008 Metallica
51%
2004 Green Day
47%
2000 Pulp
45%
2010 Blink-182
41%
2009 Radiohead
37%
2002 The Strokes
37%
2008 The Killers
36%
2009 Kings of Leon
34%
2011 My Chemical Romance
31%
2010 Guns N' Roses
30%
2008 Rage Against the Machine
28%
2010 Arcade Fire
26%
2005 Iron Maiden
26%
2007 Red Hot Chili Peppers
26%
2003 Linkin Park
22%
2000 Stereophonics
21%
2002 The Prodigy
20%
2006 Franz Ferdinand
18%
2007 The Smashing Pumpkins
16%
2006 Pearl Jam
15%
2007 Razorlight
15%
2005 Pixies
14%
2004 The White Stripes
14%
2004 The Darkness
13%
No matching quizzes found
Score Distribution
Percent of People with Each Score
Percentile by Number Answered
Your Score History
You have not taken this quiz